Small and mini hydropower systems resource assessment and project feasibility

Gespeichert in:
Bibliographische Detailangaben
1. Verfasser: Jack J.Fritz
Format: Buch
Sprache:Undetermined
Veröffentlicht: New York McGraw - Hill 1984
Schlagworte:
Tags: Tag hinzufügen
Keine Tags, Fügen Sie den ersten Tag hinzu!
Thư viện lưu trữ: Trung tâm Học liệu Trường Đại học Cần Thơ
LEADER 00530nam a2200181Ia 4500
001 CTU_46200
008 210402s9999 xx 000 0 und d
082 |a 621.31 
082 |b F919 
100 |a Jack J.Fritz 
245 0 |a Small and mini hydropower systems 
245 0 |b resource assessment and project feasibility 
245 0 |c Jack J.Fritz 
260 |a New York 
260 |b McGraw - Hill 
260 |c 1984 
650 |a electric generators - alternating current 
980 |a Trung tâm Học liệu Trường Đại học Cần Thơ